Home Print Resources E-Books E-Journals IIMT Lecture Series Library Membership Form Book Recommendation Form Campus Tour Take AdmissionAbout Us Contact Us

SIGNAL ANALYSIS (Record no. 35884)

000 -LEADER
fixed length control field 00363nam a22001577a 4500
003 - CONTROL NUMBER IDENTIFIER
control field OSt
005 - DATE AND TIME OF LATEST TRANSACTION
control field 20240321120054.0
008 - FIXED-LENGTH DATA ELEMENTS--GENERAL INFORMATION
fixed length control field 170717b xxu||||| |||| 00| 0 eng d
020 ## - INTERNATIONAL STANDARD BOOK NUMBER
International Standard Book Number 0070664684
040 ## - CATALOGING SOURCE
Transcribing agency SEROSOFT
100 ## - MAIN ENTRY--PERSONAL NAME
Personal name PAPOULIS ATHANASIOS
245 ## - TITLE STATEMENT
Title SIGNAL ANALYSIS
260 ## - PUBLICATION, DISTRIBUTION, ETC.
Place of publication, distribution, etc. NEW DELHI
Name of publisher, distributor, etc. MC GRAW HILL
Date of publication, distribution, etc. 2014
300 ## - PHYSICAL DESCRIPTION
Extent 431
942 ## - ADDED ENTRY ELEMENTS (KOHA)
Source of classification or shelving scheme
Koha item type General Book
Holdings
Withdrawn status Lost status Source of classification or shelving scheme Damaged status Not for loan Home library Current library Date acquired Cost, normal purchase price Total Checkouts Full call number Barcode Date last seen Price effective from Koha item type
          IIMT University Central Library Meerut IIMT University Central Library Meerut 07/17/2017 0.00   621.38043 01-B-121572 07/17/2017 07/17/2017 General Book
          IIMT University Central Library Meerut IIMT University Central Library Meerut 07/17/2017 0.00   R 01-B-121573 07/17/2017 07/17/2017 Reference Book
          IIMT University Central Library Meerut IIMT University Central Library Meerut 07/17/2017 0.00   621.38043 01-B-121574 07/17/2017 07/17/2017 General Book
          IIMT University Central Library Meerut IIMT University Central Library Meerut 07/17/2017 0.00   621.38043 01-B-121575 07/17/2017 07/17/2017 General Book
          IIMT University Central Library Meerut IIMT University Central Library Meerut 07/17/2017 0.00   621.38043 01-B-121576 07/17/2017 07/17/2017 General Book
IIMT, Central Library. All Rights Reserved IIMT,UNIVERSITY © 2023
Implemented and Customised by I CLOUDE EMS
You Are OPAC Visitor No
free web counter

Powered by Koha